Statistics for 10 Biggest Cities: Nigeria

Click here to take the quiz!

General Stats

  • This quiz has been taken 343 times
  • The average score is 6 of 10

Answer Stats

PopulationCity% Correct
8,048,430Lagos
99%
776,298Abuja
95%
2,828,861Kano
87%
2,559,853Ibadan
73%
1,005,904Port Harcourt
58%
1,147,188Benin City
57%
760,084Kaduna
39%
722,664Enugu
18%
821,618Jos
17%
777,667Ilorin
13%

Score Distribution

Percentile by Number Answered

Percent of People with Each Score

Your Score History

You have not taken this quiz